Tục ngữ ca dao về ẩm thực Ninh Bình

में बचाया:
ग्रंथसूची विवरण
मुख्य लेखक: Đỗ Danh Gia
स्वरूप: अज्ञात
भाषा:Vietnamese
प्रकाशित: Thanh Niên 2011
विषय:
टैग : टैग जोड़ें
कोई टैग नहीं, इस रिकॉर्ड को टैग करने वाले पहले व्यक्ति बनें!
Thư viện lưu trữ: Mạng thư viện Đại học Đà Nẵng
LEADER 00904na a2200265 4500
001 000031380
003 6044
005 20151001093450.0
008 151001s2011 000 vie
020 |a 9786046400455 
082 |a 398.9  |b ĐÔ-G 
100 |a Đỗ Danh Gia 
245 |a Tục ngữ ca dao về ẩm thực Ninh Bình  |c Đỗ Danh Gia 
260 |a Thanh Niên  |c 2011 
300 |a 326tr. : mh ; 20.5 cm 
650 |a Ẩm thực Ninh Bình, ẩm thực 
OWN |a LNN 
AVA |a UDN50  |b LNN  |d 398.9 ĐÔ-G  |e available  |t Error 5001 Not defined in file expand_doc_bib_avail.  |f 1  |g 0  |h N  |i 0  |k 1 
999 |a From the UDN01 
AVA |a UDN50  |b LNN  |d 398.9 ĐÔ-G  |e available  |t Error 5001 Not defined in file expand_doc_bib_avail.  |f 1  |g 0  |h N  |i 0  |k 1 
TYP |a Printed language 
980 |a Mạng thư viện Đại học Đà Nẵng